| 000 | 00691cab a2200229 4500 | ||
|---|---|---|---|
| 001 | WB3324-15 | ||
| 008 | 090401t1997 xxu||||| |||| 00| 0 eng d | ||
| 035 | _a(Sirsi) u79087 | ||
| 041 | _aeng | ||
| 245 | _aInvestors cash in on housing boom | ||
| 260 | _c1997 | ||
| 350 | _a0 | ||
| 490 |
_aEvening Standard _v19 June 1997, 35(1) |
||
| 520 | _aInstitutions are becoming interested in investing in the residential property market as the boom continues. | ||
| 650 | _aHOUSING INVESTMENT | ||
| 650 | _aINSTITUTIONS | ||
| 650 | _aINVESTMENT MARKET | ||
| 650 |
_aRESIDENTIAL PROPERTY _96266 |
||
| 690 | _aPROPERTY-PROPERTY FINANCE AND INVESTMENT | ||
| 942 | _n0 | ||
| 948 | _c20/06/1997 | ||
| 999 |
_c49702 _d49702 |
||